Trazos para la gestión directiva en la Escuela Secundaria (Registro nro. 20566)

Detalles MARC
000 -LEADER
campo de control de longitud fija 00945nmm a2200313 a 4500
003 - IDENTIFICADOR DE NÚMERO DE CONTROL
campo de control AR-BaBNM
005 - FECHA Y HORA DE LA ÚLTIMA TRANSACCIÓN
campo de control 20251128211637.0
008 - DATOS DE LONGITUD FIJA--INFORMACIÓN GENERAL
campo de control de longitud fija 065020s2004 ||||||||||||||000 | spa||
020 ## - NÚMERO INTERNACIONAL ESTÁNDAR DEL LIBRO
Número Internacional Estándar del Libro 987-1142-34-X
040 ## - FUENTE DE CATALOGACIÓN
Centro/agencia transcriptor AR-BaBNM
100 1# - ENTRADA PRINCIPAL--NOMBRE DE PERSONA
Nombre de persona Vargas Fonseca, Josefina S.
245 10 - MENCIÓN DEL TÍTULO
Título Trazos para la gestión directiva en la Escuela Secundaria
Resto del título problemas paradigmáticos y propuestas superadoras
250 ## - MENCION DE EDICION
Mención de edición 1º ed.
260 ## - PUBLICACIÓN, DISTRIBUCIÓN, ETC.
Lugar de publicación, distribución, etc. Córdoba
Nombre del editor, distribuidor, etc. Editorial Brujas
Fecha de publicación, distribución, etc. 2004
300 0# - DESCRIPCIÓN FÍSICA
Extensión 179 p.
500 0# - NOTA GENERAL
Nota general Contiene dedicatoria de la autora
500 0# - NOTA GENERAL
Nota general La autoría ha sido tomada de la tapa
651 #4 - PUNTO DE ACCESO ADICIONAL DE MATERIA--NOMBRE GEOGRÁFICO
Nombre geográfico Argentina
653 ## - TÉRMINO DE INDIZACIÓN--NO CONTROLADO
Término no controlado GESTION EDUCATIVA
653 ## - TÉRMINO DE INDIZACIÓN--NO CONTROLADO
Término no controlado GESTION INSTITUCIONAL
653 ## - TÉRMINO DE INDIZACIÓN--NO CONTROLADO
Término no controlado DIRECTORES DE ESCUELA
653 ## - TÉRMINO DE INDIZACIÓN--NO CONTROLADO
Término no controlado EDUCACION SECUNDARIA
653 ## - TÉRMINO DE INDIZACIÓN--NO CONTROLADO
Término no controlado PROYECTO EDUCATIVO INSTITUCIONAL
653 ## - TÉRMINO DE INDIZACIÓN--NO CONTROLADO
Término no controlado NIVEL MEDIO
700 1# - ENTRADA AGREGADA--NOMBRE PERSONAL
Nombre de persona Londero, Laura
700 1# - ENTRADA AGREGADA--NOMBRE PERSONAL
Nombre de persona Lagos, Mónica
942 ## - ELEMENTOS DE ENTRADA SECUNDARIOS (KOHA)
Tipo de ítem Koha Libros
998 ## - INFORMACIÓN DE CONTROL LOCAL (RLIN)
Iniciales del catalogador, CIN (RLIN) maria eugenia
Existencias
Estatus retirado Estado de pérdida Fuente de la clasificación o esquema de estantería Estado de daño Restricciones de uso No para préstamo Biblioteca de origen Biblioteca actual Fecha de adquisición Total de préstamos Signatura topográfica completa Código de barras Visto por última vez Precio de reemplazo Tipo de ítem Koha
    Clasificación Decimal Dewey   Acceso restringido No para préstamo Liberty Liberty 28/11/2025   371.2 VAR 137463 28/11/2025 28/11/2025 Libros